Statistics for Biggest Cities by Language on a Map

Click here to take the quiz!

General Stats

  • This quiz has been taken 4,291 times
    (3,094 since last reset)
  • The average score is 83 of 122

Answers on the Map

Answers color-coded by a green-red scale on the quiz's map according to % correct below.
 

Answer Stats

LanguageCity% Correct
EnglishNew York City
99%
EnglishLondon
98%
EnglishLos Angeles
98%
FrenchParis
98%
EnglishChicago
97%
RussianMoscow
97%
ItalianRome
97%
GermanBerlin
96%
ArabicCairo
96%
PortugueseRio de Janeiro
96%
JapaneseTokyo
96%
DutchAmsterdam
95%
MandarinBeijing
95%
SpanishBuenos Aires
95%
TurkishIstanbul
95%
SpanishLima
95%
SpanishMexico City
95%
NorweiganOslo
95%
PortugueseSao Paulo
95%
RussianSt. Petersburg
95%
HindiDelhi
94%
UkrainianKiev
94%
ItalianMilan
94%
SpanishSantiago
94%
PolishWarsaw
94%
SpanishBogota
93%
PortugueseBrasilia
93%
EnglishJohannesburg
93%
MandarinShanghai
93%
FrenchAlgiers
92%
TurkishAnkara
92%
Finnish | SwedishHelsinki
92%
ItalianNaples
92%
KoreanSeoul
92%
PersianTehran
92%
ArabicAlexandria
91%
SwedishStockholm
91%
ArabicBaghdad
90%
VietnameseHanoi
90%
JapaneseOsaka
90%
CzechPrague
90%
ArabicRiyadh
90%
RomanianBucharest
89%
VietnameseHo Chi Minh City
89%
GermanHamburg
88%
FrenchMontreal
88%
HebrewTel-Aviv Jaffa
88%
GermanFrankfurt
87%
FrenchKinshasa
87%
DutchRotterdam
87%
Indo/MalayJakarta
86%
HebrewJerusalem
85%
MandarinGuangzhou
84%
ItalianTurin
84%
ArabicKhartoum
83%
KoreanPyongyang
82%
PolishKrakow
81%
ItalianPalermo
81%
PortugueseLuanda
79%
DutchHague
75%
UkrainianOdessa
75%
KoreanBusan
74%
SwedishMalmo
73%
NorweiganBergen
71%
TurkishIzmir
71%
JapaneseSapporo
71%
DutchAntwerp
68%
JapaneseNagoya
68%
UkrainianDonetsk
67%
UkrainianKharkiv
67%
SwedishGothenburg
66%
FrenchAbidjan
65%
RussianAlmaty
61%
MandarinTianjin
61%
HebrewHaifa
57%
PortugueseSalvador
57%
CzechBrno
56%
RussianYekaterinburg
56%
PolishLodz
55%
RussianNovosibirsk
53%
DutchUtrecht
53%
JapaneseYokohama
53%
NorweiganTrondheim
51%
PolishWroclaw
51%
MandarinXiamen
51%
UkrainianDnipro
49%
PersianIsfahan
49%
RomanianCluj-Napoca
48%
Indo/MalaySurabaya
48%
Indo/MalayBandung
45%
KoreanIncheon
44%
HindiJaipur
44%
FinnishTampere
42%
FinnishTurku
42%
TurkishBursa
41%
HindiLucknow
41%
PolishPoznan
41%
KoreanDaegu
39%
VietnameseDa Nang
39%
PersianMashhad
39%
Finnish | SwedishEspoo
35%
Indo/MalayMedan
35%
NorweiganStavanger
35%
CzechOstrava
34%
RomanianConstanța
33%
PersianTabriz
33%
TurkishAdana
32%
CzechPilsen
32%
RomanianTimișoara
32%
RomanianIași
29%
HindiKanpur
24%
HindiIndore
21%
VietnameseHaiphong
19%
FinnishVantaa
19%
CzechOlomouc
17%
NorweiganDrammen
16%
HebrewAshdod
12%
PersianKaraj
11%
Indo/MalayBekasi
10%
VietnameseBien Hoa
7%

Score Distribution

Percentile by Number Answered

Percent of People with Each Score

Your Score History

You have not taken this quiz since the last reset